Electronic transformers and circuits / (Record no. 182380)

000 -LEADER
fixed length control field 01320 a2200253 4500
003 - CONTROL NUMBER IDENTIFIER
control field Nust
005 - DATE AND TIME OF LATEST TRANSACTION
control field 20221202122454.0
010 ## - LIBRARY OF CONGRESS CONTROL NUMBER
LC control number 87034062
020 ## - INTERNATIONAL STANDARD BOOK NUMBER
International Standard Book Number 047181976X
040 ## - CATALOGING SOURCE
Transcribing agency Nust
082 00 - DEWEY DECIMAL CLASSIFICATION NUMBER
Classification number 621.38153,LEE
100 1# - MAIN ENTRY--PERSONAL NAME
Personal name Lee, Reuben,
9 (RLIN) 41718
245 10 - TITLE STATEMENT
Title Electronic transformers and circuits /
Statement of responsibility, etc. Reuben Lee, Leo Wilson, Charles E. Carter.
250 ## - EDITION STATEMENT
Edition statement 3rd ed.
260 ## - PUBLICATION, DISTRIBUTION, ETC.
Place of publication, distribution, etc. New York :
Name of publisher, distributor, etc. Wiley,
Date of publication, distribution, etc. c1988.
300 ## - PHYSICAL DESCRIPTION
Extent xxiii, 408 p. :
Other physical details ill. ;
Dimensions 24 cm.
505 ## - FORMATTED CONTENTS NOTE
Formatted contents note Introduction (Page-1), Transformer Construction Material and Ratings (Page-20), Rectifier Transformers and Inductors (Page-56), Rectifier Performance (Page-104), Amplifiers Transformers (Page-131), Amplifiers Circuits (Page-171), Higher Frequency Transformers (Page-205), Saturable Magnetic Circuits (Page-231), High Voltage (Page-263), Pulse and Video Transformers (Page-286), Pulse Circuits (Page-321), Inverter Transformers (Page-337), Inverter Circuits (Page-360), Other Magnetic Devices (Page-380).
650 #0 - SUBJECT ADDED ENTRY--TOPICAL TERM
Topical term or geographic name entry element Telecommunication Engineering
700 1# - ADDED ENTRY--PERSONAL NAME
Personal name Carter, Charles E.
9 (RLIN) 104010
700 1# - ADDED ENTRY--PERSONAL NAME
Personal name Wilson, Leo.
9 (RLIN) 104011
856 42 - ELECTRONIC LOCATION AND ACCESS
Materials specified Publisher description
Uniform Resource Identifier <a href="http://www.loc.gov/catdir/description/wiley033/87034062.html">http://www.loc.gov/catdir/description/wiley033/87034062.html</a>
856 42 - ELECTRONIC LOCATION AND ACCESS
Materials specified Table of Contents
Uniform Resource Identifier <a href="http://www.loc.gov/catdir/toc/onix03/87034062.html">http://www.loc.gov/catdir/toc/onix03/87034062.html</a>
942 ## - ADDED ENTRY ELEMENTS (KOHA)
Source of classification or shelving scheme
Koha item type Book
Holdings
Withdrawn status Lost status Source of classification or shelving scheme Damaged status Not for loan Permanent Location Current Location Shelving location Date acquired Full call number Barcode Date last seen Price effective from Koha item type Public note
          Military College of Signals (MCS) Military College of Signals (MCS) General Stacks 12/12/2016 621.38153,LEE MCS4028 12/08/2016 12/12/2016 Book Almirah No.34, Shelf No.2
© 2023 Central Library, National University of Sciences and Technology. All Rights Reserved.